000 00688nam a2200289Ia 4500
005 20260324125617.0
008 008 260324s9999 xx 000 0 eng d
020 _a9780203696798
037 _aEBOOK
040 _aCRL
040 _beng
040 _cCRL
041 _2eng
041 _aeng
084 _qCRL
100 _aYasser Elsheshtawy
_91175853
245 4 _aThe Evolving Arab City
245 0 _bTradition, Modernity and Urban Development
260 _bTaylor and Francis
260 _c2008
365 _a
365 _b280
856 _uhttp://www.taylorfrancis.com/books/9780203696798
942 _cEBOOK
999 _c1774069
_d1774069